झोत (Record no. 1014682)

MARC details
000 -LEADER
fixed length control field 00489nam a2200181Ia 4500
008 - FIXED-LENGTH DATA ELEMENTS--GENERAL INFORMATION
fixed length control field 151018s9999 xx 000 0 und d
082 ## - DEWEY DECIMAL CLASSIFICATION NUMBER
Item number RBASDV12435
Classification number 891.464
100 ## - MAIN ENTRY--PERSONAL NAME
Personal name रावसाहेब कसबे
245 ## - TITLE STATEMENT
Title झोत
250 ## - EDITION STATEMENT
Remainder of edition statement 1
260 ## - PUBLICATION, DISTRIBUTION, ETC. (IMPRINT)
Name of publisher, distributor, etc जनबोध
Date of publication, distribution, etc 1978
300 ## - PHYSICAL DESCRIPTION
Extent 108
600 ## - SUBJECT ADDED ENTRY--PERSONAL NAME
Personal name रावसाहेब कसबे
630 ## - SUBJECT ADDED ENTRY--UNIFORM TITLE
Uniform title झोत
700 ## - ADDED ENTRY--PERSONAL NAME
Personal name रावसाहेब कसबे
730 ## - ADDED ENTRY--UNIFORM TITLE
Uniform title झोत
942 ## - ADDED ENTRY ELEMENTS (KOHA)
Koha item type Book
Holdings
Withdrawn status Lost status Damaged status Not for loan Home library Current library Date acquired Cost, normal purchase price Total Checkouts Full call number Barcode Date last seen Cost, replacement price Price effective from Koha item type
        R.B. Anant Shivaji Desai Vachanalaya and Granthalaya, Kudal R.B. Anant Shivaji Desai Vachanalaya and Granthalaya, Kudal 02/01/1980 22.00   RBASDV12435 RBASDV12435 10/18/2015 22.00 10/18/2015 Book